Score 0/50 Timer 02:00
1 Play Today
% Correct
Red
98.2%
Blue
98.1%
Yellow
97.3%
Green
96.7%
Verb
93.3%
Noun
93.1%
Adverb
92%
Indigo
92%
Par
89.3%
Birdie
87.3%
Fred
86.6%
Wilma
86.5%
Kilimanjaro
85.4%
Bogey
85.4%
Preposition
85.2%
Barney
84.8%
Eagle
84.1%
Interjection
83.3%
Everest
83.3%
Pebbles
82.7%
Casino Royale
79.8%
GoldenEye
78.4%
Bamm-Bamm
78%
Quantum of Solace
76.6%
Fuji
76.3%
% Correct
Harvard
76.1%
Yale
74.5%
Skyfall
74.4%
Princeton
74.3%
Dr. No
72.6%
Dartmouth
71.3%
Cornell
70.9%
Denali
64.9%
Etna
64.7%
Bulldog
61.8%
Chihuahua
61.3%
Dalmatian
61%
Greyhound
60.9%
Dachshund
60.6%
Whoopi Goldberg
58.3%
Andrew Lloyd Webber
57.9%
Audrey Hepburn
57.9%
Marvin Hamlisch
56.6%
Albatross
56.3%
Mel Brooks
56%
Brick
45.7%
Grain
45.7%
Ore
45.3%
Wool
45.3%
Lumber
45%

You're not logged in!

Compare scores with friends on all Sporcle quizzes.
OR
Log In

Sporcle TV

Today on Sporcle TV


Watch our educational content, quiz creation guides, and fun videos on Sporcle TV.

Show Comments

Extras

Top Quizzes Today


Score Distribution

Paid Content

Your Account Isn't Verified!

In order to create a playlist on Sporcle, you need to verify the email address you used during registration. Go to your Sporcle Settings to finish the process.

Report this User

Report this user for behavior that violates our Community Guidelines.

Details: